000 00203nam a22000857a 4500
008 251203b |||||||| |||| 00| 0 eng d
100 _aOswaal
_97599
245 _aScience Question Bank-7
260 _aNew Delhi
999 _c12839
_d12839